000 00852nam a2200241 i 4500
001 12470
003 ES-MaACL
005 20230906150322.0
007 t|
008 921021s1989 sp ||||0| spa d
016 7 _zCHM920007307
020 _a84-235-0872-2
040 _aCHM
_bspa
_cCHM
080 _a352(460.16 Valle del Roncal)
100 1 _aAlli Aranguren, Juan Cruz.
_920035
245 1 3 _aLa mancomunidad del Valle del Roncal /
_cJuan Cruz Alli Aranguren.
260 _aPamplona :
_bDepartamento de Presidencia e Interior, Gobierno de Navarra,
_cD.L. 1989.
300 _a452 p ;
_c24 cm.
504 _aBibliografía : p. 443-452.
650 1 4 _aAdministración local-
_zValle del Roncal (Navarra)
_99640
710 1 _aNavarra (Comunidad Autónoma).
_bDepartamento de Presidencia e Interior.
_95982
852 _aES-MaACL
_jL-19698
_bR.119271
999 _c12470
_d12470